000 00452nam a2200157Ia 4500
008 220214s9999 xx 000 0 und d
022 _a0831-2796
245 0 _aGENOME
247 _aCanadian Journal of Genetics and Cytology
260 _bGenetics Society of Canada
_aOttawa
310 _aBM
500 _aEnding Volume & Year: 43, 2000
500 _aMissing Volume: 31-32;38(3);43(4-6)
500 _aStarting Volume & Year: 30, 1988
942 _cBJ
999 _c18702
_d18702